000 00446nam a2200181Ia 4500
001 1629
005 20260306143742.0
008 260306t2018||||xx |||||||||||||| ||spa||
041 _aESP
082 _a153.6
_bT73
100 _aTorre, Pilar de la
_eAUT
245 0 _aFundamentos y prácticas de comunicación no violenta
260 _c2018
300 _a173 páginas :
_c21 cm.
650 _aGEN
654 _aCPS
942 _cLIB
_dJUS
_fJUS
_2ddc
_n
999 _c1629
_d1629